01464nam0a22002771 4500001001100000005001700011021001900028035002600047100004100073101000800114102000700122105001800129200028600147210004500433215001500478225003500493300019000528606006300718700007500781701003600856701003400892712019400926801001801120801002201138852002601160rc\401405420260406135749.0 aRUb[56-40079] a(NLR Aleph) 008081608 a20130415d1956 |||y0rusy50 ca0 arus aRU ay z |||||1 aАлиментарная кетонурия суягных овецe(Жировая дистрофия печени)fСарат. обл. правл. Науч.-техн. о-ва сельского и лесного хозяйства. Сарат. зоотехн. вет. ин-т aСаратовcКоммунистd1956 a11 с.d201 aВ помощь лектору aСост. указаны на обороте тит. л.: д-р вет. наук проф. А.М. Колесов, аспиранты Р.В. Горбелик и И.Л. Дементьев aАлиментарная кетонурия овец2psbo 1aКолесовbА.М.gАлександр Михайлович4220 1aДементьевbИ.Л.4220 1aГорбеликbР.В.422002aНаучно-техническое о-во сельского и лесного хозяйстваcМоскваbСаратовское обл. правление3RU\NLR\AUTH\889918746 0aRUbNLRgpsbo 1aRUbELAR2rusmarc aNLRjВт02 Г-4/1566